000 00298nam a22001337a 4500
008 170331b xxu||||| |||| 00| 0 eng d
020 _a0721675611
041 _aeng
080 _a617
100 _a8
101 _aSHM
245 _aDIAGNOSIS OF BONE AND JOINT DISORDERS
_cRESNICK
942 _2udc
_cBK
999 _c9320
_d9320